000 00625nam a2200193Ia 4500
003 GCL
008 140319s9999 xx 000 0 eng d
040 _aGCL /
_cGCL
082 0 4 _a575.016
_bO D
100 1 _aOSPOVAT, DOV
245 1 0 _aTHE DEVELOPMENT OF DARWIN'S THEORY: NATURAL HISTORY, NATURAL THEOLOGY AND NATURAL SELECTION 1838 - 1859 /
_cOSPOVAT, DOV
260 _a[S.N] :
_bCAMBRIDGE UNIVERSITY PRESS ،
_c1995
300 _a301 P
650 0 4 _aNATURALIST - ENGLAND - BIOGRAPHY
650 0 4 _aNATURAL SELECTION - HISTORY
650 0 4 _aNATURAL HISTORY - HISTORY
650 0 4 _aBIOLOGY - HISTORY
942 _2ddc
_cBK
999 _c13635
_d13635